000 00411nam a2200133Ia 4500
008 260210s9999 xx 000 0 und d
024 _a14B-103-BS & 14B-102-BS
082 _a004.1072 ALI
100 _aAliza Aman Arain & Mishan Aman Arain
245 0 _aPrediction and Analysis of COPD
260 _aKarachi:
_bUITU,
_c2014
600 _aComputer Science
650 _aBachelor of Computer Science (BS)
999 _c32274
_d32274